| 000 | 00996nam a2200325 i 4500 | ||
|---|---|---|---|
| 003 | EG-GICUC | ||
| 005 | 20260203114229.0 | ||
| 008 | 260203s1917 -uk| ||fr|||| 001 0 eng d | ||
| 040 |
_aEG-GiCUC _cEG-GiCUC _dEG-GiCUC _erda _beng |
||
| 041 | 0 | _aeng | |
| 082 | 0 | 4 |
_221 _a341.81 _bSE . R |
| 092 | 0 | 4 | _221 |
| 099 | _aLaw1 12 341.81 SE . R 1917 | ||
| 100 | 1 |
_a Seton-watson, R. W _eAuthor. |
|
| 245 | 1 | 4 |
_aThe Rise Of Nationality In The Balkans / _cBy R. W. Seton-watson. |
| 264 | 1 |
_aLondon : _bConstable And Company, _c1917. |
|
| 300 |
_a308 pages, _c24 cm. |
||
| 336 |
_2rda content _atext |
||
| 337 |
_2rda media _aComputer |
||
| 338 |
_2rda carrier _aOnline Resource |
||
| 500 | _aWith Four Maps | ||
| 504 | _aIncludes bibliographical references and index. | ||
| 546 | _aText in English | ||
| 650 | 1 | 4 | _aPrivate international law |
| 650 | 1 | 4 | _2 |
| 651 | 1 | _2qrmak | |
| 856 | 4 | 0 | _uhttps://fll.law.cu.edu.eg/fulltext/bks/B12-02320.pdf |
| 905 | _a48 | ||
| 942 |
_2ddc _cBK _e21 _n0 |
||
| 999 |
_c60471 _d60471 |
||